00439 2200169 4500001002100000005001500021008004100036035002500077041000800102082000800110090000800118245006300126250001600189260002800205300002000233650001600253INLIS00000000001543820130516021453 ind  a0010-051300000015438 aind a658 a658 aBahan Penataran Kebijaksanaan dan Administrasi Kepegawauan aCetakan : 1 aJakartabBAKN PPLc1995 a: ilus. ;21 cm. aKepegawaian